الدليل الكافي في العلاج الشافي من القرآن والسنة / (رقم التسجيلة. 115484)

تفاصيل مارك
000 -الفاتح
عناصر البيانات ثابتة الطول 00843cam a2200205 i 4500
005 - تاريخ ووقت آخر معاملة
حقل ضبط 20251127120350.0
008 - عناصر البيانات ثابتة الطول
عناصر البيانات ثابتة الطول 250721s2006 ts gr 000 0 ara d
082 14 - رقم تصنيف ديوي العشري
رقم التصنيف 211.91334
رقم المادة إ ب ر
100 1# - مدخل رئيسي – اسم شخصي
الاسم الشخصي إبراهيم، منى حاتم
علاقة الشخص بالعمل/ دوره مؤلف.
245 12 - بيان العنوان
العنوان الدليل الكافي في العلاج الشافي من القرآن والسنة /
بيان المسؤولية منى حاتم إبراهيم ؛ قدم له فضيلة الشيخ سمير عبده مطر، فضيلة الشيخ نذير محمد مكتبي.
250 ## - بيان الطبعة
بيان الطبعة الطبعة الأولى.
264 31 - بيانات النشر، التوزيع…إلخ
مكان النشر، التوزيع...إلخ أبو ظبي :
اسم الناشر، الموزع...إلخ مكتبة الصفاء،
تاريخ النشر، التوزيع...إلخ 2006.
300 ## - الوصف المادي
عدد الوحدات المكونة للوعاء 243 صفحة.
650 17 - مدخل إضافي بالموضوع - مصطلح موضوعي
مصطلح موضوعي أو اسم جغرافي كعنصر مدخل السحر.
650 17 - مدخل إضافي بالموضوع - مصطلح موضوعي
مصطلح موضوعي أو اسم جغرافي كعنصر مدخل دراسه الشياطين.
650 17 - مدخل إضافي بالموضوع - مصطلح موضوعي
مصطلح موضوعي أو اسم جغرافي كعنصر مدخل القرآن الكريم.
650 17 - مدخل إضافي بالموضوع - مصطلح موضوعي
مصطلح موضوعي أو اسم جغرافي كعنصر مدخل العلاج.
942 ## - بيانات إضافية (كوها)
نوع التنصيف Dewey Decimal Classification
نوع المادة (كوها) كتب
المقتنيات
حالة السحب حالة الفقدان مصدر التصنيف حالة التلف غير قابل للإعارة المكتبة الرئيسية المكتبة الحالية موقع الرف تاريخ التزويد الرقم المتسلسل Total Checkouts رقم الإستدعاء الباركود تاريخ آخر ظهور تاريخ الفاتورة نوع المادة (كوها)
    Dewey Decimal Classification     المكتبة المركزية المكتبة المركزية الإعارة 28/07/2025 1248220   211.91334/ إ ب ر PLD00061409 28/07/2025 28/07/2025 كتب
    Dewey Decimal Classification     مكتبة أبو علندا العامة مكتبة أبو علندا العامة الإعارة 05/01/2009 1248221   211.91334/إبر PLD00062235 28/07/2025 05/01/2009 كتب
    Dewey Decimal Classification     مكتبة الأميرة ايمان العامة مكتبة الأميرة ايمان العامة الإعارة 05/01/2009 1248223   211.91334/إبر PLD00062237 28/07/2025 05/01/2009 كتب
    Dewey Decimal Classification     مكتبة الاميرة بديعة مكتبة الاميرة بديعة الإعارة 05/01/2009 1248224   211.91334/إبر PLD00062238 28/07/2025 05/01/2009 كتب
    Dewey Decimal Classification     مكتبة الجويدة مكتبة الجويدة الإعارة 05/01/2009 1248225   211.91334/إبر PLD00062239 28/07/2025 05/01/2009 كتب
    Dewey Decimal Classification     مكتبة الحسن العامة مكتبة الحسن العامة الإعارة 05/01/2009 1248226   211.91334/إبر PLD00062240 28/07/2025 05/01/2009 كتب
    Dewey Decimal Classification     مكتبة النصر العامة مكتبة النصر العامة الإعارة 05/01/2009 1248228   211.91334/إبر PLD00062242 28/07/2025 05/01/2009 كتب
Implemented & Customized by: BBB with SCIT (Smart Chains for Information Technology)

Powered by Koha